000 00849nam a2200265Ia 4500
003 OSt
005 20220928125559.0
006 a|||||r|||| 00| 0
007 ta
008 220927b |||||||| |||| 00| 0 eng d
020 _cUKP 125.00
024 _a132969
037 _b104, 15/03/2017, Better Book Service
_cTextual
040 _aSDCL
_cSDCL
_beng
041 _2eng
_aeng
082 _aO-,2J64:g, Q6
100 _aDickey Frances Ed.
_9470414
245 0 _aEdinburgh companion to T.S. Eliot and the arts
260 _aEdinburgh
_bEdinburgh University press
_c2016
300 _axviii,303p.
_ccm.
650 _aEnglish
700 _a Morgenstern John D. Ed.
_9470415
942 _hO-,2J64:g, Q6
_cTEXL
_2CC
999 _c783133
_d783133